000
00264nam a22001217a 4500
999
_c
168577
_d
168577
082
_a
H1
_b
A
245
_a
Aag ke lokpriya hindi kavi:
_b
Ajneya/
260
_a
_b
_c
650
_a
Poetry Hindi
650
_a
Literature Hindi
650
_a
Literature
942
_c
BK